|
|
|
|
| LEADER |
00000nam a22000001a 4500 |
| 001 |
vtls009848824 |
| 003 |
SK-MaSNL |
| 005 |
20260301082900.0 |
| 008 |
251106s1976 xo a rp 000 1 slo |
| 035 |
|
|
|a (SVKBBclas03)vtls000237080
|
| 040 |
|
|
|a SNK
|b slo
|c SNK
|e AACR2
|
| 041 |
1 |
|
|a slo
|h cze
|
| 044 |
|
|
|a xo
|c SK
|
| 080 |
|
|
|a 677.03
|2 1981
|
| 080 |
|
|
|a 677.1/.4
|2 1981
|
| 080 |
|
|
|a (075.3)
|2 1981
|
| 100 |
1 |
|
|a Čapek, Jindřich
|4 aut
|9 408721
|
| 245 |
1 |
0 |
|a Textilné materiály pre 1. ročník stredných priemysených škôl textilných
|c Jindřich Čapek, Jan Foltýn ; z českého originálu preložila Valéria Ružeková
|
| 250 |
|
|
|a 3. vyd.
|
| 260 |
|
|
|a Bratislava
|b Alfa
|c 1976
|e Nitra
|f Nitrianske tlačiarne
|
| 300 |
|
|
|a 272 s.
|b tab., obr.
|
| 490 |
1 |
|
|a Edícia literatúry pre spotrebný priemysel
|
| 650 |
0 |
7 |
|a textilné suroviny
|2 SNKPH
|9 408722
|
| 650 |
0 |
7 |
|a textilné vlákna
|2 SNKPH
|9 51344
|
| 650 |
0 |
7 |
|a druhy a vlastnosti
|2 SNKPH
|9 408723
|
| 655 |
|
7 |
|a učebnice stredných škôl
|2 SNKPH
|9 69323
|
| 700 |
1 |
|
|a Foltýn, Jan
|4 aut
|9 408724
|
| 700 |
1 |
|
|a Ružeková, Valéria
|4 trl
|9 408725
|
| 830 |
|
0 |
|a Edícia literatúry pre spotrebný priemysel
|9 277215
|
| 958 |
|
|
|a OND
|
| 999 |
|
|
|c 659313
|d 661243
|
| 952 |
|
|
|a SNK
|b SNK
|y VYP
|7 0
|p 17A1078075
|o snkSC 38629 D1
|i snkKSP 2982/76
|3 rekatalogizácia
|0 0
|1 0
|4 0
|d 2015-01-22
|l 0
|r 2026-02-23 18:49:14
|w 2026-02-23
|